Las razas de las primeras edades del metal en el Sudeste de España / (Record no. 81319)

MARC details
000 -LEADER
campo de control de longitud fija 00597nam a2200181 i 4500
001 - NÚMERO DE CONTROL
campo de control 81319
003 - IDENTIFICADOR DE NÚMERO DE CONTROL
campo de control ES-MaACL
005 - FECHA Y HORA DE LA ÚLTIMA TRANSACCIÓN
campo de control 20230906174420.0
007 - CAMPO FIJO DE DESCRIPCIÓN FÍSICA--INFORMACIÓN GENERAL
campo de control de longitud fija t|
008 - DATOS DE LONGITUD FIJA--INFORMACIÓN GENERAL
campo de control de longitud fija 041104s1947 sp ||||1| spa d
100 1# - ENTRADA PRINCIPAL--NOMBRE DE PERSONA
Nombre de persona Hoyos Sáinz, Luis de,
Fechas asociadas al nombre 1868-1951
9 (RLIN) 64437
245 14 - MENCIÓN DEL TÍTULO
Título Las razas de las primeras edades del metal en el Sudeste de España /
Mención de responsabilidad, etc. Luis de Hoyos Sáinz.
260 ## - PUBLICACIÓN, DISTRIBUCIÓN, ETC.
Lugar de publicación, distribución, etc. [S.l. :
Nombre del editor, distribuidor, etc. s.n.,
Fecha de publicación, distribución, etc. 1947] (
Lugar de fabricación/manufactura Cartagena :
Fabricante Imp. Papelería Española)
300 ## - DESCRIPCIÓN FÍSICA
Extensión 6 h. ;
Dimensiones 22 cm.
500 ## - NOTA GENERAL
Nota general Es separata de: pág. 34-45.
852 ## - LOCALIZACIÓN
Ubicación ES-MaACL
Número de control de estantería 1879-F-1
Sublocalización o colección R.254
Holdings
Estatus retirado Estado de pérdida Estado de daño No para préstamo Colección Biblioteca de origen Biblioteca actual Ubicación en estantería Fecha de adquisición Fuente de adquisición Total de préstamos Signatura topográfica completa Código de barras Visto por última vez Precio de reemplazo Tipo de ítem Koha
        Colección de folletos Biblioteca del Ateneo de Madrid Biblioteca del Ateneo de Madrid Depósito folletos 17/01/2008     1879-F-1 1085008 23/02/2023 23/02/2023 Folleto